Héros du manga Pokémon La Grande Aventure - Statistiques

Statistiques générales
  • Ce quiz a été pris 39 fois
  • Le résultat moyen est 20 sur 23
Statistiques - réponses
Héros de Pokémon La Grande Aventure % Correct
Argent
100%
Diamant
100%
Jaune
100%
Or
100%
Bleu
96%
Emeraude
96%
Perle
96%
Platine (Berlitz)
96%
Rouge
96%
Verte
96%
Blanche
92%
Cristal
92%
Lune
92%
Noir
92%
Saphir
92%
Soleil
92%
Bouclier (Shieldmilia)
88%
Epée (Giuseppe Sword)
88%
Rubis
88%
Xavier
67%
Yvonne
63%
Norris
50%
Blandine
46%
Aucun quiz correspondant
Distribution des résultats
% des personnes avec chaque résultat
Percentile par nombre de réponses
Votre historique - résultats
Vous n’avez pas pris ce quiz